[Event "Latham Prochera Memorial"]
[Site "Latham"]
[Date "2006.04.08"]
[Round "2"]
[White "Moore, Paul R"]
[Black "Germanowski, John B"]
[Result "0-1"]
[WhiteElo "1334"]
[BlackElo "1506"]
[PlyCount "85"]
[EventDate "2006.04.08"]
[EventType "swiss"]
[EventRounds "4"]
[EventCountry "USA"]
[SourceTitle "EXT 2007"]
[Source "ChessBase"]
[SourceDate "2006.11.23"]
[SourceVersion "1"]
[SourceVersionDate "2006.11.23"]
[SourceQuality "1"]

1. e4 e5 2. Nf3 Nc6 3. Bb5 d6 4. d4 Bd7 5. 0-0 Nxd4 6. Bxd7+ Qxd7 7. Nxd4 exd4 8. Qxd4 Nf6 9. Re1 Be7 10. Nc3 0-0 11. Bf4 Nh5 12. Be3 Bf6 13. Qd3 Be5 14. Ne2 c5 15. Rab1 Qe6 16. f4 Bf6 17. h3 Be7 18. Qd5 Qxd5 19. exd5 Nf6 20. Nc3 Bd8 21. Bd2 Re8 22. Rxe8+ Nxe8 23. Nb5 Bf6 24. b3 a6 25. Nc3 Nc7 26. Ne4 Bd4+ 27. Kf1 Nxd5 28. Nxd6 b5 29. Re1 Kf8 30. Nf5 Bc3 31. Bxc3 Nxc3 32. a3 Rd8 33. Re3 Nb1 34. a4 c4 35. axb5 axb5 36. bxc4 Nd2+ 37. Ke2 Nxc4 38. Rd3 Re8+ 39. Kd1 Nb2+ 40. Kd2 Nxd3 41. cxd3 Rc8 42. Nd6 Rc5 43. Ne4 0-1